000 00669nam a2200181 i 4500
001 26859
003 ES-MaACL
005 20230906153520.0
007 t|
008 030110s1948 sp ||||1| spa d
100 1 _aArriaga Sagarra, José Miguel.
_923277
245 1 0 _aLibertad de testar, legítima foral y desheredación en el Derecho Navarro /
_cpor José Miguel Arriaga Sagarra.
260 _aPamplona :
_b[s.n.,
_c1948] (
_fImp. de D. Felipe Gómez Alonso)
300 _a36 p. ;
_c25 cm.
500 _aPrecede al tít.: Consejo de Estudios de Derecho Navarro.
710 2 _aConsejo de Estudios de Derecho Navarro.
_93185
852 _aES-MaACL
_j1881-F-11
_bR.25750
999 _c26859
_d26859